00279nam a2200121Ia 4500008004100000100002000041245003400061260002000095300000800115650001000123942000700133999001700140190216s9999||||xx |||||||||||||| ||und|| aRajendra Mishra 0aHindi-Sampark Bhasha Aur Lipi bDisha Prakashan a136 aHindi cBK c16462d16462